| 000 | 01531nam0a2200349 i 4500 | ||
|---|---|---|---|
| 001 | RU\NLR\BIBL_A\010892979 | ||
| 005 | 20240921152221.0 | ||
| 010 |
_a9785238027722 _91000 |
||
| 021 |
_aRU _b15-82821 |
||
| 035 | _a(NILC)RuMoRGB-008052918 | ||
| 035 | _a(NLR Aleph) 010892979 | ||
| 090 |
_a10563687 _c10563687 |
||
| 100 | _a20151113d2015 um y0rusy50 ca | ||
| 101 | 0 | _arus | |
| 102 |
_aRU _aRU |
||
| 105 | _ay|||j|||000yy | ||
| 200 | 1 |
_aУголовная ответственность за нарушение требований охраны труда _eмонография _eнаучная специальность 12.00.08 "Уголовное право и криминология; уголовно-исполнительное право" _fН. Н. Хилтунов |
|
| 210 |
_aМосква _cЮнити _cЗакон и право _d2015 |
||
| 215 |
_a158, [1] с. _d21 |
||
| 225 | 1 | _aНаучные издания для юристов | |
| 320 | _aБиблиогр.: с. 130-145 (199 назв.) | ||
| 606 | 1 |
_aОхрана труда _xНарушение _xУголовная ответственность _yРоссийская Федерация _92520446 _3RU\NLR\AUTH\661493575 |
|
| 675 | _a343 | ||
| 686 | 1 | _aХ628.111.419 | |
| 700 | 1 |
_aХилтунов _bН. Н. _gНиколай Николаевич |
|
| 801 | 0 |
_aRU _bРГБ _c20151026 _gRCR |
|
| 801 | 2 |
_aRU _bРГБ _c20151029 _grcr |
|
| 801 | 1 |
_aRU _bРГБ _c20151026 _2rusmarc |
|
| 942 | _cBOOK | ||
| 980 | _aNBR | ||